LEADER 00846nam a2200217 4500 001 000000357161 003 CaOOAMICUS 005 20240213122403.0 008 240213s1834 it 000 u ita r 040 $aSeMil$bita 100 11$aSacchi, Defendente,$d<1796-1840>.$0(OLS)http://semarc/name/11807 245 13$aLe arti del disegno in Lombardia :$brelazioni /$cdi Defendente Sacchi. 264 1$aMilano :$bPlacido Maria Visaj,$c[1834] 300 $a191 p. ;$c14 cm 500 $aSul front.: Anno II 850 $aSeMil 852 $aSeMil$W1$xVenegono$y1$m2ZB XI 50 FA$j246133$B248347$CSeMilBibl$Z2$F248347 $8I 941 1 $a10 996 $6245$aLe arti del disegno in Lombardia :$brelazioni$9(OLS)http://semarc/title/447397 996 $6264$aMilano :$bPlacido Maria Visaj$9(OLS)http://semarc/publisher/31736 LEADER 00992nam a2200241 i 4500 001 000000040470 003 CaOOAMICUS 005 20071212000000.0 008 071212s1923 it u000 u ita u 013 $a11640 040 $aSeMil$bita 100 1 $aPetrali Castaldi, Lucia.$0(OLS)http://semarc/name/19800 245 10$aRidenti sponde :$bil lago Maggiore /$cLucia Petrali Castaldi. 250 $a2. Ed. 260 $aMilano [etc.] :$bAntonio Vallardi,$c1923. 300 $a244 p. :$briccamente ill. ;$c25 cm. 500 $aIn mezzo al front. : Con molte illustrazioni e 5 acquarelli del pittore cav. Leopoldo Burlando. 650 4$aLago Maggiore.$0(OLS)http://semarc/subject/8495 850 $aSeMil 852 $aSeMil$W1$xVenegono$y1$m1O V 218$j6625$B6625$CSeMilBibl$Z2$F6625 $81 961 $aOmaggio: Deposito 996 $6245$aRidenti sponde :$bil lago Maggiore$9(OLS)http://semarc/title/58142 996 $6260$aMilano [etc.] :$bAntonio Vallardi$9(OLS)http://semarc/publisher/40124 LEADER 01377nam a2200277 i 4500 001 000000061697 003 CaOOAMICUS 005 20150908000000.0 008 150908s1981 it u000 u ita u 013 $a32869 040 $aSeMil$bita 100 1 $aTerracini, Umberto <1895-1983>.$0(OLS)http://semarc/name/31352 245 10$aQuando diventammo comunisti :$bconversazione con Umberto Terracini tra cronaca e storia /$ca cura di Mario Pendinelli ; prefazione di Davide Lajolo. 246 04$iTitolo in copertina:$aNel gennaio 1921, a Livorno... il racconto di un protagonista 260 $aMilano :$bRizzoli,$c1981. 300 $a160 p. ;$c22 cm. 500 $aIn mezzo al front : Fondo Conti. 650 4$aPartito Comunista Italiano <1921-1991>.$0(OLS)http://semarc/subject/5222 700 1 $aLajolo, Davide.$0(OLS)http://semarc/name/19016 700 1 $aPendinelli, Mario.$0(OLS)http://semarc/name/31353 850 $aSeMil 852 $aSeMil$W1$xVenegono$y1$m3N V 403$j27850$B27850$CSeMilBibl$Z2$F27853 $81 961 $aOmaggio: Conti Franco 996 $6245$aQuando diventammo comunisti :$bconversazione con Umberto Terracini tra cronaca e storia$9(OLS)http://semarc/title/96999 996 $6246$aNel gennaio 1921, a Livorno... il racconto di un protagonista$9(OLS)http://semarc/title/97000 996 $6260$aMilano :$bRizzoli$9(OLS)http://semarc/publisher/29824